TRU Mathematics /

Guardado en:
Nuevo Título:SUT Journal of Mathematics
Autor Corporativo: Science University of Tokyo
Formato: Revista
Idioma:English
Publicado: Tokyo : Science University of Tokyo, 1965-1988.
Materias:
Etiquetas: Agregar Etiqueta
Sin Etiquetas, Sea el primero en etiquetar este registro!
LEADER 00598nas a2200205 4500
001 CARPC.002142
005 20080606161601.0
008 020613d19651988ja#b|#p#######0###a0eng||
022 |a 0496-6597 
210 0 |a TRU Math. 
245 0 0 |a TRU Mathematics /  |c Science University of Tokyo. 
260 |a Tokyo :  |b Science University of Tokyo,  |c 1965-1988. 
310 |a Bimestral. 
362 0 |a Vol. 1, no. 1 (1965) - Vol. 24, no. 2 (1988). 
510 0 |a MR 
510 0 |a ZM 
710 2 |a Science University of Tokyo 
785 0 0 |t SUT Journal of Mathematics  |w B836 
653 |a Matematica 
866 |9 EMA  |a 1965-1988 1-24